000 00301nam a22001337a 4500
008 181017b xxu||||| |||| 00| 0 eng d
020 _a9780819218360
041 _aeng
080 _a159.9
100 _a49
101 _aPSI
245 _aWillOur Children Have Faith
_cJohn.H.W
942 _2udc
_cBK
999 _c50055
_d50055